[Event "ODJM B 2024"]
[Site "Willingen GER"]
[Date "2024.05.19"]
[Round "2"]
[White "Beckmann, Jonathan"]
[Black "Tran, Minh Dat"]
[Result "1-0"]
[Termination "normal"]
[Board "1"]
[WhiteElo "1827"]
[BlackElo "1731"]
[WhiteClock "00:30:19"]
[BlackClock "00:48:49"]
[PlyCount "51"]
[WhiteFideId "34672591"]
[BlackFideId "16244702"]
[EventCountry "GER"]
[EventRounds "9"]
[EventType "swiss"]
[EventDate "2024.05.18"]

1. d4 {[%clk 01:30:57]} {[%emt 00:00:03]} g6 {[%clk 01:30:56]} {[%emt
00:00:04]} 2. e4 {[%clk 01:31:18]} {[%emt 00:00:08]} Bg7 {[%clk 01:31:23]}
{[%emt 00:00:04]} 3. Nc3 {[%clk 01:31:35]} {[%emt 00:00:13]} c6 {[%clk
01:31:49]} {[%emt 00:00:04]} 4. f4 {[%clk 01:31:46]} {[%emt 00:00:20]} d5
{[%clk 01:32:15]} {[%emt 00:00:04]} 5. e5 {[%clk 01:31:52]} {[%emt 00:00:23]}
h5 {[%clk 01:32:41]} {[%emt 00:00:05]} 6. Nf3 {[%clk 01:31:54]} {[%emt
00:00:27]} Bg4 {[%clk 01:33:04]} {[%emt 00:00:07]} 7. h3 {[%clk 01:31:21]}
{[%emt 00:01:03]} Bxf3 {[%clk 01:33:07]} {[%emt 00:00:28]} 8. Qxf3 {[%clk
01:31:39]} {[%emt 00:00:11]} e6 {[%clk 01:33:21]} {[%emt 00:00:17]} 9. Bd3
{[%clk 01:31:06]} {[%emt 00:01:02]} Nh6 {[%clk 01:32:29]} {[%emt 00:01:22]} 10.
Be3 {[%clk 01:30:53]} {[%emt 00:00:44]} Nf5 {[%clk 01:32:23]} {[%emt 00:00:36]}
11. O-O {[%clk 01:21:32]} {[%emt 00:09:50]} Nd7 {[%clk 01:29:24]} {[%emt
00:03:29]} 12. b3 {[%clk 01:18:05]} {[%emt 00:03:58]} Rc8 {[%clk 01:23:01]}
{[%emt 00:06:52]} 13. Ne2 {[%clk 01:10:58]} {[%emt 00:07:36]} Nxe3 {[%clk
01:14:53]} {[%emt 00:08:40]} 14. Qxe3 {[%clk 01:09:19]} {[%emt 00:02:07]} Bf8
{[%emt 00:08:38]} 15. c4 {[%clk 01:01:15]} h4 {[%clk 01:12:15]} {[%emt
00:03:34]} 16. Rfc1 {[%clk 00:55:04]} {[%emt 00:06:42]} Ba3 {[%clk 01:09:30]}
{[%emt 00:03:15]} 17. Rc2 {[%clk 00:54:49]} {[%emt 00:00:45]} O-O {[%clk
01:09:20]} {[%emt 00:00:40]} 18. Rb1 {[%clk 00:46:55]} {[%emt 00:08:23]} a5
{[%clk 01:06:35]} {[%emt 00:03:16]} 19. Kh1 {[%clk 00:44:19]} {[%emt 00:03:05]}
Nb8 {[%clk 01:04:03]} {[%emt 00:03:03]} 20. Nc3 {[%clk 00:38:28]} {[%emt
00:06:21]} Na6 {[%clk 01:00:07]} {[%emt 00:04:26]} 21. Rf2 {[%clk 00:38:01]}
{[%emt 00:00:57]} c5 {[%clk 00:57:49]} {[%emt 00:02:48]} 22. Nb5 {[%clk
00:32:57]} {[%emt 00:05:34]} cxd4 {[%clk 00:58:07]} {[%emt 00:00:12]} 23. Qf3
{[%clk 00:31:26]} {[%emt 00:02:01]} Nc5 {[%clk 00:48:40]} {[%emt 00:09:57]} 24.
Nxa3 {[%clk 00:30:12]} {[%emt 00:01:44]} Nxd3 {[%clk 00:48:20]} {[%emt
00:00:50]} 25. Qxd3 {[%clk 00:30:32]} {[%emt 00:00:09]} dxc4 {[%clk 00:48:49]}
{[%emt 00:00:02]} 26. Nxc4 {[%clk 00:30:19]} {[%emt 00:00:44]} 1-0

[Event "ODJM B 2024"]
[Site "Willingen GER"]
[Date "2024.05.19"]
[Round "2"]
[White "Ensslen, Jakob"]
[Black "Hierl, Andreas"]
[Result "1/2-1/2"]
[Termination "normal"]
[Board "2"]
[WhiteElo "1740"]
[BlackElo "1713"]
[WhiteClock "00:04:25"]
[BlackClock "00:51:11"]
[PlyCount "119"]
[WhiteFideId "34640258"]
[BlackFideId "34660496"]
[EventCountry "GER"]
[EventRounds "9"]
[EventType "swiss"]
[EventDate "2024.05.18"]

1. d4 {[%clk 01:30:55]} {[%emt 00:00:04]} d5 {[%clk 01:30:53]} {[%emt
00:00:07]} 2. Bf4 {[%clk 01:31:19]} {[%emt 00:00:06]} Nf6 {[%clk 01:31:17]}
{[%emt 00:00:06]} 3. e3 {[%clk 01:31:41]} {[%emt 00:00:08]} c6 {[%clk
01:31:43]} {[%emt 00:00:05]} 4. Bd3 {[%clk 01:31:44]} {[%emt 00:00:25]} e6
{[%clk 01:30:38]} {[%emt 00:01:37]} 5. Nd2 {[%clk 01:27:51]} {[%emt 00:04:23]}
Bd6 {[%clk 01:30:31]} {[%emt 00:00:36]} 6. Bg3 {[%clk 01:28:08]} {[%emt
00:00:13]} O-O {[%clk 01:30:25]} {[%emt 00:00:36]} 7. Ngf3 {[%clk 01:26:33]}
{[%emt 00:02:05]} Re8 {[%clk 01:29:55]} {[%emt 00:01:00]} 8. c3 {[%clk
01:25:11]} {[%emt 00:01:53]} Qc7 {[%clk 01:30:10]} {[%emt 00:00:14]} 9. Ne5
{[%clk 01:23:03]} {[%emt 00:02:38]} Nbd7 {[%clk 01:30:01]} {[%emt 00:00:38]}
10. Ndf3 {[%clk 01:22:17]} {[%emt 00:01:16]} b6 {[%clk 01:24:35]} {[%emt
00:05:58]} 11. Qb1 {[%clk 01:20:27]} {[%emt 00:02:20]} h6 {[%clk 01:24:41]}
{[%emt 00:00:24]} 12. h4 {[%clk 01:18:20]} {[%emt 00:02:36]} c5 {[%clk
01:22:35]} {[%emt 00:02:36]} 13. Rh3 {[%clk 01:11:00]} {[%emt 00:07:50]} c4
{[%clk 01:20:16]} {[%emt 00:02:49]} 14. Bc2 {[%clk 01:10:55]} {[%emt 00:00:35]}
Nf8 {[%clk 01:19:19]} {[%emt 00:01:26]} 15. Bf4 {[%clk 01:05:19]} {[%emt
00:06:08]} Nh5 {[%clk 01:12:43]} {[%emt 00:07:05]} 16. Bh2 {[%clk 00:54:38]}
{[%emt 00:11:11]} f5 {[%clk 01:09:53]} {[%emt 00:03:21]} 17. Qd1 {[%clk
00:47:54]} {[%emt 00:07:14]} Nf6 {[%clk 01:08:19]} {[%emt 00:02:03]} 18. h5
{[%clk 00:45:47]} {[%emt 00:02:38]} Ng4 {[%clk 01:03:57]} {[%emt 00:04:52]} 19.
Bf4 {[%clk 00:42:42]} {[%emt 00:04:05]} Nd7 {[%clk 00:55:23]} {[%emt 00:09:33]}
20. Ba4 {[%clk 00:37:37]} {[%emt 00:05:36]} Rd8 {[%clk 00:51:18]} {[%emt
00:04:34]} 21. Ng6 {[%clk 00:35:31]} {[%emt 00:02:36]} Ndf6 {[%clk 00:50:45]}
{[%emt 00:01:03]} 22. Nfe5 {[%clk 00:33:06]} {[%emt 00:02:55]} Bxe5 {[%clk
00:42:22]} {[%emt 00:08:52]} 23. Nxe5 {[%clk 00:29:55]} {[%emt 00:03:41]} Nxe5
{[%clk 00:41:33]} {[%emt 00:01:20]} 24. Bxe5 {[%clk 00:29:24]} {[%emt
00:01:02]} Qf7 {[%clk 00:41:46]} {[%emt 00:00:15]} 25. Qf3 {[%clk 00:20:36]}
{[%emt 00:09:19]} Bd7 {[%clk 00:39:09]} {[%emt 00:03:07]} 26. Bxd7 {[%clk
00:19:30]} {[%emt 00:01:36]} Rxd7 {[%clk 00:39:23]} {[%emt 00:00:15]} 27. O-O-O
{[%clk 00:16:38]} {[%emt 00:03:23]} b5 {[%clk 00:38:34]} {[%emt 00:01:19]} 28.
Bxf6 {[%clk 00:14:12]} {[%emt 00:02:56]} gxf6 {[%clk 00:37:25]} {[%emt
00:01:40]} 29. g4 {[%clk 00:09:04]} {[%emt 00:05:37]} fxg4 {[%clk 00:37:45]}
{[%emt 00:00:10]} 30. Qxg4+ {[%clk 00:09:19]} {[%emt 00:00:15]} Kh7 {[%clk
00:37:56]} {[%emt 00:00:18]} 31. Rg1 {[%clk 00:04:24]} {[%emt 00:05:26]} Qg7
{[%clk 00:34:36]} {[%emt 00:03:50]} 32. Rhg3 {[%clk 00:04:10]} {[%emt
00:00:45]} Rg8 {[%clk 00:33:53]} {[%emt 00:01:12]} 33. Qg6+ {[%clk 00:03:40]}
{[%emt 00:01:00]} Qxg6 {[%clk 00:33:56]} {[%emt 00:00:27]} 34. Rxg6 {[%clk
00:03:59]} {[%emt 00:00:11]} Rdg7 {[%clk 00:34:19]} {[%emt 00:00:06]} 35. Rxg7+
{[%clk 00:03:55]} {[%emt 00:00:35]} Rxg7 {[%clk 00:34:39]} {[%emt 00:00:10]}
36. Rxg7+ {[%clk 00:04:22]} {[%emt 00:00:03]} Kxg7 {[%clk 00:34:59]} {[%emt
00:00:10]} 37. f4 {[%clk 00:03:57]} {[%emt 00:00:55]} Kf7 {[%clk 00:34:25]}
{[%emt 00:01:03]} 38. a4 {[%clk 00:02:41]} {[%emt 00:01:47]} a5 {[%clk
00:29:53]} {[%emt 00:05:03]} 39. axb5 {[%clk 00:02:04]} {[%emt 00:01:07]} Ke7
{[%clk 00:30:15]} {[%emt 00:00:07]} 40. Kb1 {[%clk 00:01:17]} {[%emt 00:01:17]}
Kd7 {[%clk 00:30:37]} {[%emt 00:00:07]} 41. Ka2 {[%clk 00:01:32]} {[%emt
00:00:16]} Kc7 {[%clk 00:30:59]} {[%emt 00:00:09]} 42. b3 {[%clk 00:19:05]}
{[%emt 00:12:57]} cxb3+ {[%clk 00:46:37]} {[%emt 00:14:52]} 43. Kxb3 {[%clk
00:19:19]} {[%emt 00:00:15]} Kb6 {[%clk 00:46:57]} {[%emt 00:00:10]} 44. c4
{[%clk 00:15:57]} {[%emt 00:03:52]} dxc4+ {[%clk 00:47:20]} {[%emt 00:00:07]}
45. Kxc4 {[%clk 00:16:11]} {[%emt 00:00:16]} f5 {[%clk 00:47:40]} {[%emt
00:00:09]} 46. d5 {[%clk 00:04:23]} {[%emt 00:12:19]} exd5+ {[%clk 00:48:04]}
{[%emt 00:00:05]} 47. Kxd5 {[%clk 00:04:30]} {[%emt 00:00:23]} Kxb5 {[%clk
00:48:29]} {[%emt 00:00:06]} 48. e4 {[%clk 00:03:44]} {[%emt 00:01:16]} fxe4
{[%clk 00:48:03]} {[%emt 00:00:55]} 49. Kxe4 {[%clk 00:03:49]} {[%emt
00:00:25]} a4 {[%clk 00:48:19]} {[%emt 00:00:15]} 50. Kd3 {[%clk 00:02:44]}
{[%emt 00:01:35]} Kc5 {[%clk 00:48:33]} {[%emt 00:00:16]} 51. Kc3 {[%clk
00:01:47]} {[%emt 00:01:27]} Kd5 {[%clk 00:49:02]} 52. Kb4 {[%clk 00:01:41]}
{[%emt 00:00:36]} Ke4 {[%clk 00:49:24]} {[%emt 00:00:07]} 53. Kxa4 {[%clk
00:02:06]} {[%emt 00:00:05]} Kxf4 {[%clk 00:49:41]} {[%emt 00:00:13]} 54. Kb3
{[%clk 00:02:27]} {[%emt 00:00:11]} Kg4 {[%clk 00:49:40]} {[%emt 00:00:29]} 55.
Kc2 {[%clk 00:02:49]} {[%emt 00:00:09]} Kxh5 {[%clk 00:50:06]} {[%emt
00:00:04]} 56. Kd1 {[%clk 00:03:10]} {[%emt 00:00:09]} Kh4 {[%clk 00:50:26]}
{[%emt 00:00:10]} 57. Ke1 {[%clk 00:03:29]} {[%emt 00:00:11]} Kh3 {[%clk
00:50:40]} {[%emt 00:00:15]} 58. Kf2 {[%clk 00:03:48]} {[%emt 00:00:12]} Kh2
{[%clk 00:50:50]} {[%emt 00:00:20]} 59. Kf1 {[%clk 00:04:08]} {[%emt 00:00:10]}
h5 {[%clk 00:51:11]} {[%emt 00:00:09]} 60. Kf2 {[%clk 00:04:25]} {[%emt
00:00:13]} 1/2-1/2

[Event "ODJM B 2024"]
[Site "Willingen GER"]
[Date "2024.05.19"]
[Round "2"]
[White "Ye, Philipp"]
[Black "Kelembet, Artem"]
[Result "1-0"]
[Termination "normal"]
[Board "3"]
[WhiteElo "1870"]
[BlackElo "1654"]
[WhiteClock "00:10:12"]
[BlackClock "00:00:31"]
[PlyCount "113"]
[WhiteFideId "34646787"]
[BlackFideId "34684727"]
[EventCountry "GER"]
[EventRounds "9"]
[EventType "swiss"]
[EventDate "2024.05.18"]

1. d4 {[%clk 01:30:51]} {[%emt 00:00:08]} d5 {[%clk 01:30:56]} {[%emt
00:00:05]} 2. Bf4 {[%clk 01:31:09]} {[%emt 00:00:12]} c5 {[%clk 01:31:12]}
{[%emt 00:00:13]} 3. e3 {[%clk 01:31:29]} {[%emt 00:00:10]} Nc6 {[%clk
01:31:11]} {[%emt 00:00:32]} 4. Nf3 {[%clk 01:31:47]} {[%emt 00:00:11]} Bg4
{[%clk 01:29:54]} {[%emt 00:01:47]} 5. c3 {[%emt 00:04:54]} Nf6 {[%clk
01:26:40]} {[%emt 00:00:02]} 6. Nbd2 {[%clk 01:30:40]} {[%emt 00:00:55]} e6
{[%clk 01:26:32]} {[%emt 00:00:38]} 7. Qa4 {[%clk 01:30:47]} {[%emt 00:00:23]}
Qb6 {[%clk 01:15:42]} {[%emt 00:11:20]} 8. Ne5 {[%clk 01:23:11]} {[%emt
00:08:06]} Bf5 {[%clk 01:14:38]} {[%emt 00:01:34]} 9. Bb5 {[%clk 01:19:49]}
{[%emt 00:03:52]} Rc8 {[%clk 01:14:46]} {[%emt 00:00:23]} 10. O-O {[%clk
01:11:44]} {[%emt 00:08:34]} Be7 {[%clk 01:13:58]} {[%emt 00:01:18]} 11. dxc5
{[%clk 01:10:15]} {[%emt 00:01:59]} Bxc5 {[%clk 01:13:56]} {[%emt 00:00:31]}
12. Rfd1 {[%clk 01:03:43]} {[%emt 00:07:03]} O-O {[%clk 01:12:29]} {[%emt
00:01:57]} 13. Bxc6 {[%clk 01:03:43]} {[%emt 00:00:31]} bxc6 {[%clk 01:12:43]}
{[%emt 00:00:15]} 14. Nb3 {[%clk 01:02:33]} {[%emt 00:01:40]} Rfd8 {[%clk
00:59:43]} {[%emt 00:13:31]} 15. Rac1 {[%clk 00:55:09]} {[%emt 00:07:54]} Nh5
{[%clk 00:54:33]} {[%emt 00:05:40]} 16. Nxc5 {[%clk 00:49:13]} {[%emt
00:06:25]} Qxc5 {[%clk 00:54:14]} {[%emt 00:00:50]} 17. h3 {[%clk 00:47:24]}
{[%emt 00:02:18]} Nxf4 {[%clk 00:54:23]} {[%emt 00:00:21]} 18. Qxf4 {[%clk
00:47:38]} {[%emt 00:00:17]} f6 {[%clk 00:51:02]} {[%emt 00:03:50]} 19. Nf3
{[%clk 00:47:38]} {[%emt 00:00:31]} Bg6 {[%clk 00:49:37]} {[%emt 00:01:54]} 20.
Qg4 {[%clk 00:47:20]} {[%emt 00:00:48]} e5 {[%clk 00:44:21]} {[%emt 00:05:46]}
21. h4 {[%clk 00:47:13]} {[%emt 00:00:38]} Kh8 {[%clk 00:31:00]} {[%emt
00:13:50]} 22. h5 {[%clk 00:44:02]} {[%emt 00:03:41]} Be4 {[%clk 00:27:19]}
{[%emt 00:04:11]} 23. Nh4 {[%clk 00:37:34]} {[%emt 00:06:58]} Qb5 {[%clk
00:21:05]} {[%emt 00:06:44]} 24. Rd2 {[%clk 00:36:35]} {[%emt 00:01:29]} Bd3
{[%clk 00:17:58]} {[%emt 00:03:38]} 25. Rcd1 {[%clk 00:30:49]} {[%emt
00:06:15]} e4 {[%clk 00:16:09]} {[%emt 00:02:19]} 26. Nf5 {[%clk 00:30:42]}
{[%emt 00:00:38]} Qb7 {[%clk 00:15:02]} {[%emt 00:01:37]} 27. Nd4 {[%clk
00:25:40]} {[%emt 00:05:31]} Qd7 {[%clk 00:13:04]} {[%emt 00:02:28]} 28. Qf4
{[%clk 00:20:51]} {[%emt 00:05:18]} c5 {[%clk 00:10:38]} {[%emt 00:02:57]} 29.
Nf5 {[%clk 00:18:18]} {[%emt 00:03:03]} Rc6 {[%clk 00:08:35]} {[%emt 00:02:34]}
30. f3 {[%clk 00:16:25]} {[%emt 00:02:22]} Re6 {[%clk 00:07:20]} {[%emt
00:01:46]} 31. Ng3 {[%clk 00:16:11]} {[%emt 00:00:43]} Qe7 {[%clk 00:05:03]}
{[%emt 00:02:46]} 32. Nf5 {[%clk 00:15:19]} {[%emt 00:01:22]} Qf7 {[%clk
00:05:15]} {[%emt 00:00:18]} 33. Qg4 {[%clk 00:13:07]} {[%emt 00:02:42]} Re5
{[%clk 00:04:58]} {[%emt 00:00:48]} 34. f4 {[%clk 00:11:21]} {[%emt 00:02:16]}
Ree8 {[%clk 00:05:21]} {[%emt 00:00:07]} 35. Kf2 {[%clk 00:11:07]} {[%emt
00:00:43]} g6 {[%clk 00:03:28]} {[%emt 00:02:24]} 36. hxg6 {[%clk 00:10:16]}
{[%emt 00:01:21]} Qxg6 {[%clk 00:03:44]} {[%emt 00:00:14]} 37. Qh3 {[%clk
00:08:01]} {[%emt 00:02:45]} Rd7 {[%clk 00:02:45]} {[%emt 00:01:30]} 38. g4
{[%clk 00:06:59]} {[%emt 00:01:31]} Rg8 {[%clk 00:02:20]} {[%emt 00:00:55]} 39.
Rg1 {[%clk 00:07:02]} {[%emt 00:00:27]} Rc7 {[%clk 00:00:48]} {[%emt 00:02:03]}
40. Rdd1 {[%clk 00:04:07]} {[%emt 00:03:24]} Rb8 {[%clk 00:00:38]} {[%emt
00:00:39]} 41. b3 {[%clk 00:29:57]} {[%emt 00:04:41]} a5 {[%clk 00:27:26]}
{[%emt 00:03:42]} 42. Rd2 {[%clk 00:27:14]} {[%emt 00:03:12]} c4 {[%clk
00:25:45]} {[%emt 00:02:12]} 43. bxc4 {[%clk 00:26:25]} {[%emt 00:01:18]} Rxc4
{[%clk 00:26:00]} {[%emt 00:00:16]} 44. Rc1 {[%clk 00:24:24]} {[%emt 00:02:30]}
a4 {[%clk 00:24:13]} {[%emt 00:02:18]} 45. Ke1 {[%clk 00:20:23]} {[%emt
00:04:31]} a3 {[%clk 00:19:07]} {[%emt 00:05:36]} 46. Nd4 {[%clk 00:16:49]}
{[%emt 00:04:04]} Qf7 {[%clk 00:17:20]} {[%emt 00:02:17]} 47. Nf5 {[%clk
00:13:48]} {[%emt 00:03:31]} Rb6 {[%clk 00:12:36]} {[%emt 00:05:14]} 48. Rh2
{[%clk 00:12:21]} {[%emt 00:01:57]} Rbc6 {[%clk 00:11:50]} {[%emt 00:01:16]}
49. Kd2 {[%clk 00:11:45]} {[%emt 00:01:06]} Qb7 {[%clk 00:05:38]} {[%emt
00:06:39]} 50. Qh6 {[%clk 00:11:05]} {[%emt 00:01:12]} Qb2+ {[%clk 00:02:41]}
{[%emt 00:03:27]} 51. Ke1 {[%clk 00:09:43]} {[%emt 00:01:52]} Qxc1+ {[%clk
00:02:14]} {[%emt 00:00:57]} 52. Kf2 {[%clk 00:10:01]} {[%emt 00:00:13]} Qd2+
{[%clk 00:01:18]} {[%emt 00:01:26]} 53. Kg3 {[%clk 00:10:11]} {[%emt 00:00:20]}
Qe1+ {[%clk 00:00:47]} {[%emt 00:01:01]} 54. Rf2 {[%clk 00:10:15]} {[%emt
00:00:26]} Qg1+ {[%clk 00:00:52]} {[%emt 00:00:25]} 55. Rg2 {[%clk 00:10:11]}
{[%emt 00:00:33]} Qe1+ {[%clk 00:00:42]} {[%emt 00:00:40]} 56. Kh2 {[%clk
00:09:58]} {[%emt 00:00:43]} Qh4+ {[%clk 00:00:31]} {[%emt 00:00:42]} 57. Qxh4
{[%clk 00:10:12]} {[%emt 00:00:16]} 1-0

[Event "ODJM B 2024"]
[Site "Willingen GER"]
[Date "2024.05.19"]
[Round "2"]
[White "Reger, Christoph"]
[Black "Schedel, Loris"]
[Result "0-1"]
[Termination "normal"]
[Board "4"]
[WhiteElo "1623"]
[BlackElo "1819"]
[WhiteClock "01:26:32"]
[BlackClock "01:17:00"]
[PlyCount "20"]
[WhiteFideId "16287606"]
[BlackFideId "16255542"]
[EventCountry "GER"]
[EventRounds "9"]
[EventType "swiss"]
[EventDate "2024.05.18"]

1. d4 {[%clk 01:30:59]} Nf6 {[%clk 01:30:54]} {[%emt 00:00:06]} 2. Bf4 {[%clk
01:31:26]} {[%emt 00:00:04]} e6 {[%clk 01:31:18]} {[%emt 00:00:06]} 3. e3
{[%clk 01:31:52]} {[%emt 00:00:03]} c5 {[%clk 01:31:06]} {[%emt 00:00:43]} 4.
Nc3 {[%clk 01:32:01]} {[%emt 00:00:21]} Nc6 {[%clk 01:30:25]} {[%emt 00:01:11]}
5. Bd3 {[%clk 01:31:26]} {[%emt 00:01:03]} cxd4 {[%clk 01:24:20]} {[%emt
00:06:36]} 6. Nb5 {[%clk 01:27:47]} {[%emt 00:04:10]} e5 {[%clk 01:21:26]}
{[%emt 00:03:24]} 7. Bg5 {[%clk 01:27:45]} {[%emt 00:00:32]} a6 {[%clk
01:20:42]} {[%emt 00:01:14]} 8. Bxf6 {[%clk 01:26:50]} {[%emt 00:01:24]} gxf6
{[%clk 01:19:15]} {[%emt 00:01:57]} 9. Na3 {[%clk 01:26:35]} {[%emt 00:00:46]}
Qa5+ {[%clk 01:17:07]} {[%emt 00:02:37]} 10. Qd2 {[%clk 01:26:32]} {[%emt
00:00:33]} Bb4 {[%clk 01:17:00]} {[%emt 00:00:37]} 0-1

[Event "ODJM B 2024"]
[Site "Willingen GER"]
[Date "2024.05.19"]
[Round "2"]
[White "Barsov, Vladislav"]
[Black "Wang, Kaiwen"]
[Result "1-0"]
[Termination "normal"]
[Board "5"]
[WhiteElo "1893"]
[BlackElo "1701"]
[WhiteClock "01:10:53"]
[BlackClock "00:57:01"]
[PlyCount "61"]
[WhiteFideId "34613757"]
[BlackFideId "16279514"]
[EventCountry "GER"]
[EventRounds "9"]
[EventType "swiss"]
[EventDate "2024.05.18"]

1. c4 {[%clk 01:30:58]} {[%emt 00:00:01]} Nf6 {[%clk 01:30:47]} {[%emt
00:00:13]} 2. g3 {[%clk 01:31:24]} {[%emt 00:00:05]} e6 {[%clk 01:31:09]}
{[%emt 00:00:08]} 3. Bg2 {[%clk 01:31:49]} {[%emt 00:00:04]} d5 {[%clk
01:31:31]} {[%emt 00:00:08]} 4. Nf3 {[%clk 01:32:10]} {[%emt 00:00:10]} dxc4
{[%clk 01:31:47]} {[%emt 00:00:13]} 5. Nc3 {[%clk 01:32:28]} {[%emt 00:00:12]}
Nbd7 {[%clk 01:31:28]} {[%emt 00:00:49]} 6. O-O {[%clk 01:32:36]} {[%emt
00:00:21]} Be7 {[%clk 01:31:22]} {[%emt 00:00:37]} 7. Qa4 {[%clk 01:32:33]}
{[%emt 00:00:33]} c5 {[%clk 01:29:55]} {[%emt 00:01:56]} 8. Qxc4 {[%clk
01:32:32]} {[%emt 00:00:32]} Rb8 {[%clk 01:29:39]} {[%emt 00:00:47]} 9. d3
{[%clk 01:32:31]} {[%emt 00:00:30]} O-O {[%clk 01:29:11]} {[%emt 00:00:57]} 10.
Bf4 {[%clk 01:32:51]} {[%emt 00:00:11]} Nb6 {[%clk 01:28:17]} {[%emt 00:01:24]}
11. Qb3 {[%clk 01:31:34]} {[%emt 00:01:46]} Bd6 {[%clk 01:27:49]} {[%emt
00:00:59]} 12. Bxd6 {[%clk 01:31:49]} {[%emt 00:00:15]} Qxd6 {[%clk 01:28:04]}
{[%emt 00:00:15]} 13. Nb5 {[%clk 01:31:47]} {[%emt 00:00:32]} Qd5 {[%clk
01:25:27]} {[%emt 00:03:07]} 14. Qc3 {[%clk 01:26:25]} {[%emt 00:05:52]} a6
{[%clk 01:20:01]} {[%emt 00:05:56]} 15. Na3 {[%clk 01:25:38]} {[%emt 00:01:17]}
Qd6 {[%clk 01:15:28]} {[%emt 00:05:02]} 16. Rac1 {[%clk 01:23:45]} {[%emt
00:02:24]} Nfd7 {[%clk 01:14:20]} {[%emt 00:01:38]} 17. Rfd1 {[%clk 01:22:43]}
{[%emt 00:01:32]} Nd5 {[%clk 01:13:45]} {[%emt 00:01:04]} 18. Qb3 {[%clk
01:22:04]} {[%emt 00:01:08]} b5 {[%clk 01:12:18]} {[%emt 00:01:59]} 19. Ng5
{[%clk 01:20:02]} {[%emt 00:02:31]} Bb7 {[%clk 01:09:17]} {[%emt 00:03:32]} 20.
Ne4 {[%clk 01:19:53]} {[%emt 00:00:38]} Qe7 {[%clk 01:09:11]} {[%emt 00:00:36]}
21. Qc2 {[%clk 01:16:36]} {[%emt 00:03:49]} Nb4 {[%clk 01:08:08]} {[%emt
00:01:32]} 22. Qd2 {[%clk 01:15:03]} {[%emt 00:02:04]} Nxa2 {[%clk 01:05:58]}
{[%emt 00:02:39]} 23. Ra1 {[%clk 01:15:26]} {[%emt 00:00:07]} Nb4 {[%clk
01:06:09]} {[%emt 00:00:18]} 24. Nc2 {[%clk 01:15:27]} {[%emt 00:00:30]} Nxc2
{[%clk 01:03:49]} {[%emt 00:02:50]} 25. Qxc2 {[%clk 01:15:51]} {[%emt
00:00:05]} Rfc8 {[%clk 01:02:53]} {[%emt 00:01:26]} 26. Qd2 {[%clk 01:15:00]}
{[%emt 00:01:22]} h6 {[%clk 01:01:20]} {[%emt 00:02:03]} 27. Qf4 {[%clk
01:12:14]} {[%emt 00:03:16]} Bxe4 {[%clk 00:59:17]} {[%emt 00:02:33]} 28. Qxe4
{[%clk 01:11:58]} {[%emt 00:00:46]} Rb6 {[%clk 00:58:29]} {[%emt 00:01:17]} 29.
d4 {[%clk 01:10:42]} {[%emt 00:01:48]} cxd4 {[%clk 00:57:39]} {[%emt 00:01:20]}
30. Qxd4 {[%clk 01:10:39]} {[%emt 00:00:32]} Nf6 {[%clk 00:57:01]} {[%emt
00:01:07]} 31. Qxb6 {[%clk 01:10:53]} {[%emt 00:00:17]} 1-0